000 00619nam a2200277Ia 4500
005 20260401122335.0
008 008 250103s9999 xx 000 0 eng d
020 _a761997563
037 _aTB
040 _aEDL
040 _beng
040 _cEDL
041 _2eng
041 _aeng
084 _a700 RAM
084 _qEDL
245 0 _aBeyond Appearances: Visual Practices and Ideologies in Modern India
260 _aNew Delhi
260 _bSAGE Publications
260 _c2003
300 _a412p
942 _cTB
942 _h700 RAM
999 _c1846626
_d1846626